000 04371nam a22004337a 4500
003 EG-GICUC
005 20260504140301.0
008 260504s2025 ua a|||frm||| 000 0 eng d
040 _aEG-GICUC
_beng
_cEG-GICUC
_dEG-GICUC
_erda
041 0 _aeng
_beng
_bara
049 _aDeposit
082 0 4 _a628.3
092 _a628.3
_221
097 _aM.Sc
099 _aCai01.13.04.M.Sc.2025.Ma.E
100 0 _aMadiha Mohamed Ahmed Hatem,
_epreparation.
245 1 0 _aEco-friendly approach for wastewater treatment using agricultural waste /
_cby Madiha Mohamed Ahmed Hatem ; Supervisors Prof. Hanem Abd El Rahman Sibak, Prof. Dr. Mohamed S. Hasanin.
_bRemainder of title /
246 1 5 _aمنهجية صديقة للبيئة لمعالجة مياه الصرف باستخدام المخلفات الزراعية
264 0 _c2025.
300 _a102 pages :
_billustrations ;
_c30 cm. +
_eCD.
336 _atext
_2rda content
337 _aUnmediated
_2rdamedia
338 _avolume
_2rdacarrier
502 _aThesis (M.Sc)-Cairo University, 2025.
504 _aBibliography: pages 90-102.
520 3 _aThis study aims to utilize corn cob biomass for the production of sustainable adsorbent materials to treat dye-contaminated wastewater. Three adsorbents were prepared: activated carbon (AC), manganese oxide-loaded activated carbon (N MnO₂-AC), and copper oxide-loaded activated carbon (N CuO-AC). All three materials exhibited high efficiency, significant adsorption capacity, and excellent dye removal performance. Kinetic studies indicated that the adsorption process followed the pseudo-second-order model, while equilibrium data were well fitted to the Langmuir model. A case study using real industrial wastewater confirmed the practical effectiveness of the three adsorbents under realistic conditions. From an economic perspective, the alternative materials were compared with conventional commercial adsorbents, and the results revealed the superiority of the alternatives in terms of cost-effectiveness. Among them, activated carbon proved to be the least expensive and the most feasible option, highlighting its strong potential for large-scale, sustainable wastewater treatment applications.
520 3 _aتهدف هذه الدراسة إلى استخدام الكتلة الحيوية لكوالح الذرة في إنتاج مواد ماصة مستدامة لمعالجة مياه الصرف الملوثة بالأصباغ. تم تحضير ثلاث مواد ماصة: الكربون النشط (AC)، والكربون النشط المحمّل بأكسيد المنجنيز (N MnO₂-AC)، والكربون النشط المحمّل بأكسيد النحاس (N CuO-AC). أظهرت جميع المواد كفاءة عالية وسعة امتصاص مرتفعة ونسبة إزالة مميزة للأصباغ. اتبعت المواد في دراسات الحركية نموذج المرتبة الثانية الزائفة، بينما توافق الاتزان مع نموذج لانجمير. كما أظهرت دراسة حالة على مياه صرف صناعية حقيقية فعالية المواد الثلاث. من الناحية الاقتصادية، تمت مقارنة المواد البديلة بالمواد الصناعية التجارية، وأظهرت النتائج تفوق المواد البديلة من حيث الجدوى والتكلفة، حيث كان الكربون النشط الأقل سعراً والأكثر قابلية للتطبيق على نطاق واسع.
530 _aIssues also as CD.
546 _aText in English and abstract in Arabic & English.
650 0 _awastewater treatment
_2qrmak
650 0 _aمعالجة مياه الصرف الصحي
_2qrmak
653 1 _aAdsorption
_abiobased nanoadsorbents
_adye wastewater
_aadsorption kinetics
_a adsorption isotherm
_aالامتزاز
_aالمواد الماصة النانوية ذات الأساس الحيوي
700 0 _aHanem Abd El Rahman Sibak
_ethesis advisor.
700 0 _aMohamed S. Hasanin.
_ethesis advisor.
900 _b01-01-2025
_cHanem Abd El Rahman Sibak
_cMohamed S. Hasanin
_dNabil Mahmoud Abdel-monem
_dShereen Mohamed Smair Abdel-Hamid
_UCairo University
_FFaculty of Engineering
_DDepartment of Chemical
905 _aShimaa
942 _2ddc
_cTH
_e21
_n0
999 _c179961